000 00593nmm a2200169Ia 4500
008 251105s9999||||xx |||||||||||||||||und||
020 _a9788437064543
041 _aeng
100 _aPozo Aviñó, Elvira del
245 0 _aIntegralism, Altruism and Reconstruction :
_b Essays in honor of Pitirim A. Sorokin
264 _a[Madrid, España] :
_bPublicaciones de la Universidad de Valencia (PUV),
_c2006
300 _a166 páginas
490 _aBiblioteca Javier Coy d'estudis nord-americans
650 _aSociology
856 _uhttps://public.digitaliapublishing.com/a/35048
942 _cCF
999 _c82353
_d82353